[Event "Stockholm Spangbergs Memorial"]
[Site "Stockholm"]
[Date "2024.02.17"]
[Round "2"]
[White "Degerman, Lars"]
[Black "Berg, Susanne"]
[Result "1-0"]
[WhiteElo "2422"]
[BlackElo "1854"]
[PlyCount "57"]
[EventDate "2024.02.17"]
[EventType "swiss"]
[EventRounds "7"]
[EventCountry "SWE"]
[SourceTitle "CB08_2024"]
[SourceDate "2024.02.21"]
[SourceVersion "1"]
[SourceVersionDate "2024.02.21"]
[SourceQuality "1"]

1. c4 e6 2. g3 d5 3. Nf3 Nf6 4. Bg2 c5 5. cxd5 exd5 6. d4 Nc6 7. 0-0 Be7 8. Nc3 0-0 9. Bg5 c4 10. Ne5 Be6 11. e3 Rc8 12. f4 h6 13. Bxf6 Bxf6 14. f5 Bd7 15. Nxd7 Qxd7 16. Nxd5 Qd6 17. Qf3 Rfe8 18. Rad1 b5 19. Qf2 Nb4 20. Nxb4 Qxb4 21. e4 c3 22. bxc3 Rxc3 23. Kh1 Rec8 24. e5 Rc2 25. Qf3 Bd8 26. f6 gxf6 27. exf6 Kh8 28. Qf5 Rxg2 29. Qxc8 1-0

[Event "SWE-chT 2223 Elite"]
[Site "Sweden"]
[Date "2023.03.12"]
[Round "9.5"]
[White "Degerman, Lars"]
[Black "Sylvan, Jacob"]
[Result "1/2-1/2"]
[WhiteElo "2432"]
[BlackElo "2310"]
[PlyCount "155"]
[EventDate "2022.10.14"]
[EventType "team-tourn"]
[EventRounds "9"]
[EventCountry "SWE"]
[SourceTitle "CBM 213 Extra"]
[Source "ChessBase"]
[SourceDate "2023.05.31"]
[SourceVersion "1"]
[SourceVersionDate "2023.05.31"]
[SourceQuality "1"]
[WhiteTeam "Farsta"]
[BlackTeam "Helsingborg"]
[WhiteTeamCountry "SWE"]
[BlackTeamCountry "SWE"]

1. c4 Nf6 2. g3 e6 3. Bg2 d5 4. Nf3 dxc4 5. 0-0 a6 6. Qc2 Nbd7 7. a4 c5 8. a5 Be7 9. Qxc4 b5 10. axb6 Nxb6 11. Qc2 Bb7 12. d3 0-0 13. Bg5 h6 14. Bxf6 Bxf6 15. Nbd2 Rc8 16. Rfc1 Nd5 17. Ne4 Be7 18. Nfd2 Qc7 19. Nb3 Nb4 20. Qc3 Bxe4 21. Bxe4 Bf6 22. d4 Qd7 23. e3 Nd5 24. Qd2 cxd4 25. Nxd4 Rxc1+ 26. Rxc1 Rc8 27. Ra1 Qb7 28. Ra4 Qb6 29. Bxd5 exd5 30. Qe2 a5 31. Qd2 Rc5 32. Kg2 g6 33. b4 axb4 34. Rxb4 Qd6 35. Qe2 Rc8 36. Ra4 Qe5 37. Qf3 Qd6 38. Ra7 Rf8 39. Qg4 h5 40. Rd7 Qb6 41. Qf4 Rd8 42. Rxd8+ Bxd8 43. Qe5 h4 44. Qxd5 hxg3 45. hxg3 Bf6 46. Nc6 Kg7 47. e4 Bc3 48. e5 Qc7 49. Qd6 Qb7 50. Kh2 Qb3 51. Qf6+ Kg8 52. Ne7+ Kh7 53. Qf3 Qc4 54. Nd5 Bxe5 55. Qxf7+ Kh6 56. Qf8+ Bg7 57. Qf3 Kh7 58. Kg2 Qc2 59. g4 Qd2 60. Nf4 Qd6 61. Qe4 Be5 62. Nd5 Bg7 63. f4 Qa3 64. f5 Qb2+ 65. Kf3 Qb3+ 66. Ne3 gxf5 67. Qxf5+ Kg8 68. Qc8+ Kh7 69. Qd7 Qc3 70. Qf5+ Kg8 71. Qd5+ Kf8 72. Ke4 Qb4+ 73. Kf3 Qc3 74. Qd6+ Kf7 75. Qf4+ Kg8 76. Qb8+ Kf7 77. Qb7+ Kg8 78. Qd5+ 1/2-1/2

[Event "SWE-chT 1920 Elite"]
[Site "Sweden"]
[Date "2019.10.20"]
[Round "3.4"]
[White "Degerman, Lars"]
[Black "Haubro, Martin"]
[Result "0-1"]
[WhiteElo "2446"]
[BlackElo "2343"]
[PlyCount "78"]
[EventDate "2019.10.18"]
[EventType "team-tourn"]
[EventRounds "9"]
[EventCountry "SWE"]
[SourceTitle "CBM 192 Extra"]
[Source "Chessbase"]
[SourceDate "2019.11.06"]
[SourceVersion "1"]
[SourceVersionDate "2019.11.06"]
[SourceQuality "1"]
[WhiteTeam "Farsta"]
[BlackTeam "Limhamn"]
[WhiteTeamCountry "SWE"]
[BlackTeamCountry "SWE"]

1. c4 e6 2. g3 d5 3. Bg2 dxc4 4. Qa4+ Nd7 5. Qxc4 c5 6. Nf3 Ngf6 7. Qc2 b6 8. 0-0 Bb7 9. Nc3 Be7 10. d4 0-0 11. e4 b5 12. e5 Nd5 13. Nxb5 Qb6 14. a4 Rac8 15. dxc5 Rxc5 16. Qe2 Rfc8 17. Be3 Nxe3 18. Qxe3 Bxf3 19. Bxf3 Nxe5 20. Be2 Bg5 21. Qb3 Rc2 22. Rae1 Bd2 23. Rd1 a6 24. a5 Bxa5 25. Rd6 Qb7 26. Nd4 Qxb3 27. Nxb3 Bb4 28. Rb6 Rxe2 29. Rxb4 Rxb2 30. Rb7 h5 31. Nc5 Rxb7 32. Nxb7 Rc2 33. h3 Nd3 34. f4 Kf8 35. f5 Ke7 36. fxe6 fxe6 37. Ra1 Rc1+ 38. Rxc1 Nxc1 39. Kf2 Nb3 0-1

[Event "SWE-chT 1920 Elite"]
[Site "Sweden"]
[Date "2019.10.19"]
[Round "2.4"]
[White "Ahlander, Bjorn"]
[Black "Degerman, Lars"]
[Result "1-0"]
[WhiteElo "2399"]
[BlackElo "2446"]
[PlyCount "87"]
[EventDate "2019.10.18"]
[EventType "team-tourn"]
[EventRounds "9"]
[EventCountry "SWE"]
[SourceTitle "CBM 192 Extra"]
[Source "Chessbase"]
[SourceDate "2019.11.06"]
[SourceVersion "1"]
[SourceVersionDate "2019.11.06"]
[SourceQuality "1"]
[WhiteTeam "Lunds"]
[BlackTeam "Farsta"]
[WhiteTeamCountry "SWE"]
[BlackTeamCountry "SWE"]

1. d4 Nf6 2. c4 g6 3. Nc3 d5 4. Bg5 Ne4 5. Bh4 Nxc3 6. bxc3 dxc4 7. e3 Be6 8. Nf3 Bg7 9. Be2 0-0 10. 0-0 c5 11. Rb1 cxd4 12. Nxd4 Bd5 13. Qc2 Qc7 14. e4 Bc6 15. Bxc4 e5 16. Nxc6 Nxc6 17. Rfd1 Rac8 18. Qa4 Rfe8 19. Bd5 Bf8 20. Rd3 Be7 21. Bg3 Bc5 22. Rbd1 Bb6 23. Bh4 Nb8 24. Bg5 Kg7 25. Rf3 Rf8 26. Bf6+ Kg8 27. Qa3 Bc5 28. Qc1 Be7 29. Rdd3 Bxf6 30. Rxf6 Nd7 31. Rff3 Qb6 32. Bxf7+ Rxf7 33. Rxf7 Kxf7 34. Rxd7+ Kg8 35. Qd1 Qe6 36. h3 Rf8 37. Rxb7 Qxa2 38. Qd5+ Qxd5 39. exd5 Rc8 40. d6 Rd8 41. d7 Kf7 42. Rxa7 Ke7 43. Kf1 Rb8 44. d8Q+ 1-0

[Event "SWE-chT 1819 Elite"]
[Site "Sweden"]
[Date "2019.03.30"]
[Round "8.3"]
[White "Degerman, Lars"]
[Black "Gdanski, Jacek"]
[Result "1/2-1/2"]
[WhiteElo "2460"]
[BlackElo "2460"]
[PlyCount "48"]
[EventDate "2018.11.09"]
[EventType "team-tourn"]
[EventRounds "9"]
[EventCountry "SWE"]
[SourceTitle "CBM 189 Extra"]
[Source "ChessBase"]
[SourceDate "2019.06.03"]
[SourceVersion "1"]
[SourceVersionDate "2019.06.03"]
[SourceQuality "1"]
[WhiteTeam "Farsta"]
[BlackTeam "Eksjo"]
[WhiteTeamCountry "SWE"]
[BlackTeamCountry "SWE"]

1. c4 e5 2. g3 Nc6 3. Nc3 f5 4. Nf3 g6 5. d4 e4 6. Bg5 Nce7 7. Nd2 h6 8. Bf4 Bg7 9. f3 exf3 10. Nxf3 Nf6 11. Qc2 d6 12. 0-0-0 0-0 13. h4 c6 14. e3 b5 15. cxb5 cxb5 16. Qb3+ Kh8 17. d5 Bb7 18. Rh2 Rc8 19. Rc2 Rxc3 20. Qxc3 Nexd5 21. Qb3 Nxf4 22. exf4 Be4 23. Rc3 b4 24. Rc4 Bd5 1/2-1/2

[Event "SWE-chT 1718 Elite"]
[Site "Sweden"]
[Date "2018.01.13"]
[Round "4"]
[White "Lokander, Martin"]
[Black "Degerman, Lars"]
[Result "0-1"]
[WhiteElo "2368"]
[BlackElo "2451"]
[PlyCount "124"]
[EventDate "2017.10.20"]
[EventType "team-tourn"]
[EventRounds "9"]
[EventCountry "SWE"]
[SourceTitle "EXT 2019"]
[Source "ChessBase"]
[SourceDate "2018.10.10"]
[SourceVersion "1"]
[SourceVersionDate "2018.10.10"]
[SourceQuality "1"]
[WhiteTeam "Stockholm SS"]
[BlackTeam "Farsta"]
[WhiteTeamCountry "SWE"]
[BlackTeamCountry "SWE"]

1. d4 Nf6 2. c4 g6 3. Nc3 d5 4. Qa4+ c6 5. cxd5 Nxd5 6. e4 Nxc3 7. bxc3 Bg7 8. Bg5 0-0 9. Qa3 Re8 10. Nf3 Qc7 11. Be2 Nd7 12. e5 f6 13. exf6 exf6 14. Be3 Nb6 15. 0-0 Nd5 16. Bc4 Be6 17. Bd2 b5 18. Bb3 a5 19. Rfe1 a4 20. Bc2 Nb6 21. Qc1 Qf7 22. a3 Bd5 23. Bh6 Bxf3 24. Rxe8+ Rxe8 25. gxf3 Qc4 26. Bd2 Nd5 27. Bb1 Re2 28. Kg2 f5 29. Ba2 Qd3 30. Be3 Rc2 31. Qe1 Qxc3 32. Qxc3 Rxc3 33. Rb1 f4 34. Bxf4 Bxd4 35. Bxd5+ cxd5 36. Rxb5 Bc5 37. Ra5 Rc4 38. Bd2 Bxa3 39. Rxd5 Bf8 40. Rd7 a3 41. Be3 Ra4 42. Bd4 a2 43. Ba1 h5 44. Rc7 Ra6 45. h3 Bh6 46. Kg3 Ra4 47. Kg2 Ra5 48. h4 Ra6 49. Kg3 Bf8 50. Kg2 Bb4 51. Rb7 Bd2 52. Rc7 Kf8 53. Kg3 Bb4 54. Rb7 Be7 55. f4 Kf7 56. Rd7 Ke6 57. Rd1 Bf6 58. Re1+ Kf5 59. Bxf6 Kxf6 60. Ra1 Ra3+ 61. f3 Kf5 62. Kh3 Rxf3+ 0-1

[Event "SWE-chT 1415 Elite"]
[Site "Sweden"]
[Date "2014.11.23"]
[Round "3"]
[White "Von Bahr, Oskar"]
[Black "Degerman, Lars"]
[Result "1-0"]
[WhiteElo "2364"]
[BlackElo "2469"]
[PlyCount "119"]
[EventDate "2014.11.21"]
[EventType "team-tourn"]
[EventRounds "9"]
[EventCountry "SWE"]
[SourceTitle "EXT 2016"]
[Source "ChessBase"]
[SourceDate "2015.10.08"]
[SourceVersion "1"]
[SourceVersionDate "2015.10.08"]
[SourceQuality "1"]
[WhiteTeam "Kungstornet"]
[BlackTeam "Farsta"]
[WhiteTeamCountry "SWE"]
[BlackTeamCountry "SWE"]

1. c4 e6 2. g3 d5 3. Bg2 Nf6 4. Nf3 c5 5. 0-0 Nc6 6. b3 Be7 7. e3 0-0 8. Bb2 b6 9. Nc3 Bb7 10. cxd5 Nxd5 11. Nxd5 Qxd5 12. d4 Rad8 13. Ne5 Qd6 14. Rc1 Nxe5 15. Bxb7 Qb8 16. Bg2 cxd4 17. exd4 Ng6 18. f4 Bf6 19. f5 exf5 20. Rxf5 Qd6 21. Rc6 Qe7 22. Qd2 Rfe8 23. Rc1 Qe3+ 24. Qxe3 Rxe3 25. Kf2 Re7 26. Rd5 Rxd5 27. Bxd5 Rd7 28. Rc8+ Nf8 29. Ba3 Bd8 30. Bc6 Rxd4 31. Ke3 Ne6 32. Bb2 Rd1 33. Ke2 Rb1 34. Bc3 Rc1 35. Kd2 Rxc3 36. Kxc3 Kf8 37. Bd7 Ke7 38. Bxe6 fxe6 39. Ra8 a5 40. Ra7+ Kd6 41. Kc4 Bf6 42. Kb5 Bd4 43. Rf7 h6 44. g4 Kd5 45. Rd7+ Ke4 46. Kc4 Bf6 47. Rd6 e5 48. Rxb6 Kf3 49. b4 axb4 50. Rxb4 e4 51. Rb1 Kxg4 52. a4 Bd8 53. Kd4 Kf3 54. Rf1+ Kg2 55. Rf8 Bb6+ 56. Kxe4 Kxh2 57. Rb8 Ba5 58. Rb5 Be1 59. Kf3 g5 60. Kg4 1-0

[Event "SWE-chT 1314"]
[Site "Sweden"]
[Date "2014.02.22"]
[Round "6.4"]
[White "Degerman, Lars"]
[Black "Glimbrant, Torbjorn"]
[Result "1-0"]
[WhiteElo "2472"]
[BlackElo "2271"]
[PlyCount "109"]
[EventDate "2013.11.22"]
[EventType "team-tourn"]
[EventRounds "9"]
[EventCountry "SWE"]
[SourceTitle "EXT 2015"]
[Source "ChessBase"]
[SourceDate "2014.11.20"]
[SourceVersion "1"]
[SourceVersionDate "2014.11.20"]
[SourceQuality "1"]
[WhiteTeam "Farsta"]
[BlackTeam "Upsala"]
[WhiteTeamCountry "SWE"]
[BlackTeamCountry "SWE"]

1. d4 d5 2. c4 c6 3. cxd5 cxd5 4. Bf4 Nc6 5. e3 Nf6 6. Nc3 a6 7. Bd3 e6 8. Rc1 Bd6 9. Bxd6 Qxd6 10. f4 h6 11. Nf3 Ng4 12. Qe2 f5 13. Ne5 h5 14. 0-0 Bd7 15. Na4 Nxd4 16. exd4 Bxa4 17. Ng6 Rh6 18. Bxf5 Bb5 19. Bd3 Bxd3 20. Qxd3 Kf7 21. Ne5+ Kg8 22. Rc5 Rf8 23. Ng6 Re8 24. Rfc1 Nf6 25. Rc8 Qb4 26. b3 h4 27. h3 Rh5 28. Kh2 Qd6 29. Rxe8+ Nxe8 30. Rc8 Qd7 31. Qc2 Rf5 32. Qc5 b6 33. Qc2 Qf7 34. Ne5 Qe7 35. Qc6 Rf8 36. Kh1 Kh7 37. Qd7 Qb4 38. Nf3 Nf6 39. Qxe6 Rxc8 40. Qxc8 Qe7 41. Qf5+ Kg8 42. Qe5 Qxe5 43. fxe5 Ne4 44. Nxh4 b5 45. Nf5 Nc3 46. a3 Kf7 47. Ne3 Ke6 48. g4 g5 49. Kg2 b4 50. axb4 Na2 51. Nc2 Nc1 52. h4 gxh4 53. Kh3 Nxb3 54. Kxh4 a5 55. b5 1-0

[Event "SWE-chT 1314"]
[Site "Sweden"]
[Date "2013.11.22"]
[Round "1.4"]
[White "Hedman, Erik"]
[Black "Degerman, Lars"]
[Result "1/2-1/2"]
[WhiteElo "2377"]
[BlackElo "2472"]
[PlyCount "53"]
[EventDate "2013.11.22"]
[EventType "team-tourn"]
[EventRounds "9"]
[EventCountry "SWE"]
[SourceTitle "CBM 157 Extra"]
[Source "ChessBase"]
[SourceDate "2013.12.19"]
[SourceVersion "1"]
[SourceVersionDate "2013.12.19"]
[SourceQuality "1"]
[WhiteTeam "Stockholm Rockaden"]
[BlackTeam "Farsta"]
[WhiteTeamCountry "SWE"]
[BlackTeamCountry "SWE"]

1. d4 d5 2. Nf3 Nf6 3. c4 dxc4 4. e3 e6 5. Bxc4 c5 6. 0-0 a6 7. Bd3 cxd4 8. exd4 Be7 9. Nc3 0-0 10. Bg5 b5 11. Rc1 Bb7 12. a3 Nbd7 13. Bb1 Re8 14. Qd3 Nf8 15. Rfd1 Nd5 16. Bxe7 Qxe7 17. Nxd5 Bxd5 18. Qe3 Rac8 19. Be4 Qb7 20. Bxd5 Qxd5 21. Rxc8 Rxc8 22. Rc1 Rc4 23. h3 Nd7 24. Rxc4 Qxc4 25. Ne5 Qc7 26. Nxd7 Qxd7 27. Qc3 1/2-1/2

[Event "SWE-chT 1112"]
[Site "Sweden"]
[Date "2012.01.15"]
[Round "4"]
[White "Bjarnehag, Peter"]
[Black "Degerman, Lars"]
[Result "1/2-1/2"]
[WhiteElo "2148"]
[BlackElo "2453"]
[PlyCount "78"]
[EventDate "2011.10.07"]
[EventType "team-tourn"]
[EventRounds "9"]
[EventCountry "SWE"]
[SourceTitle "EXT 2013"]
[Source "ChessBase"]
[SourceDate "2012.11.22"]
[SourceVersion "1"]
[SourceVersionDate "2012.11.22"]
[SourceQuality "1"]
[WhiteTeam "Solna"]
[BlackTeam "Viking"]
[WhiteTeamCountry "SWE"]
[BlackTeamCountry "SWE"]

1. Nf3 Nf6 2. c4 e6 3. g3 d5 4. d4 dxc4 5. Bg2 Nc6 6. Qa4 Bb4+ 7. Bd2 Nd5 8. Bxb4 Ndxb4 9. 0-0 Rb8 10. Nc3 Bd7 11. Qb5 Nc2 12. Rad1 N2xd4 13. Nxd4 Nxd4 14. Qxc4 Nf5 15. e4 Nd6 16. Qd4 f6 17. Qxa7 0-0 18. Qd4 e5 19. Qd3 Ra8 20. Rfe1 Be6 21. b3 Ra5 22. Rd2 Qa8 23. Rc1 Rf7 24. Bf1 Qa7 25. Qc2 Qc5 26. Qb2 Qb4 27. f3 Rd7 28. Nb1 Rc5 29. Rxc5 Qxc5+ 30. Kg2 Qe3 31. Qc3 Qb6 32. Rc2 Kf7 33. Nd2 Ke7 34. Nc4 Nxc4 35. Bxc4 Qc5 36. Bxe6 Qxc3 37. Rxc3 Kxe6 38. Rc2 c6 39. Kf2 Rd4 1/2-1/2

[Event "SWE-chT 0405"]
[Site "Sweden"]
[Date "2005.??.??"]
[Round "8"]
[White "Degerman, Lars"]
[Black "Lyrberg, Patrik"]
[Result "0-1"]
[WhiteElo "2462"]
[BlackElo "2573"]
[PlyCount "70"]
[EventDate "2004.11.05"]
[EventType "team"]
[EventRounds "11"]
[EventCountry "SWE"]
[SourceTitle "EXT 2006"]
[Source "ChessBase"]
[SourceDate "2005.11.24"]
[SourceVersion "1"]
[SourceVersionDate "2005.11.24"]
[SourceQuality "1"]
[WhiteTeam "Farsta"]
[BlackTeam "Wasa"]
[WhiteTeamCountry "SWE"]
[BlackTeamCountry "SWE"]

1. e4 e6 2. d4 d5 3. Nd2 dxe4 4. Nxe4 Bd7 5. Nf3 Bc6 6. Bd3 Nd7 7. 0-0 Ngf6 8. Ned2 b6 9. Re1 Be7 10. b3 Bb7 11. Bb2 c5 12. dxc5 Bxc5 13. Ng5 Be7 14. Nde4 h6 15. Nxf6+ Nxf6 16. Bb5+ Kf8 17. Nf3 Bc5 18. Ne5 Qe7 19. Qd3 Kg8 20. Qe2 h5 21. h3 Ne4 22. Nd3 Bd6 23. c4 Rh6 24. Red1 Rg6 25. Ne1 a6 26. Ba4 Bh2+ 27. Kh1 Bd6 28. b4 Bxb4 29. Nd3 Qg5 30. Rg1 Nc3 31. Bxc3 Bxg2+ 32. Kh2 Bxc3 33. Bc6 Bf3 34. Rxg5 Bxe2 35. Rxg6 Rc8 0-1

[Event "SWE-chT 0304"]
[Site "Sweden"]
[Date "2004.??.??"]
[Round "10"]
[White "Andreasson, Ingvar"]
[Black "Degerman, Lars"]
[Result "1/2-1/2"]
[WhiteElo "2401"]
[BlackElo "2498"]
[PlyCount "53"]
[EventDate "2003.10.??"]
[EventType "team"]
[EventRounds "11"]
[EventCountry "SWE"]
[SourceTitle "EXT 2005"]
[Source "ChessBase"]
[SourceDate "2004.11.15"]
[SourceVersion "1"]
[SourceVersionDate "2004.11.15"]
[SourceQuality "1"]
[WhiteTeam "Kamraterna"]
[BlackTeam "Farsta"]
[WhiteTeamCountry "SWE"]
[BlackTeamCountry "SWE"]

1. b3 e5 2. Bb2 Nc6 3. e3 g6 4. Nf3 Bg7 5. d4 exd4 6. exd4 Nge7 7. Be2 0-0 8. 0-0 d5 9. Nbd2 Nf5 10. c3 Re8 11. Re1 Qd6 12. Qc2 Bd7 13. a4 h5 14. Ba3 Qf6 15. Bb5 Nfe7 16. Ne5 Bf5 17. Qd1 a6 18. Bf1 Nxe5 19. dxe5 Qc6 20. Nf3 Qd7 21. Nd4 Nc6 22. Nxf5 Qxf5 23. Bd3 Qg5 24. Bc1 Qe7 25. Ba3 Qg5 26. Bc1 Qe7 27. Ba3 1/2-1/2

[Event "SWE-chT 0203"]
[Site "Sweden"]
[Date "2003.03.15"]
[Round "10"]
[White "Cicak, Slavko"]
[Black "Degerman, Lars"]
[Result "0-1"]
[WhiteElo "2534"]
[BlackElo "2492"]
[PlyCount "80"]
[EventDate "2002.10.11"]
[EventType "team"]
[EventRounds "11"]
[EventCountry "SWE"]
[SourceTitle "EXT 2004"]
[Source "ChessBase"]
[SourceDate "2003.11.25"]
[SourceVersion "1"]
[SourceVersionDate "2003.11.25"]
[SourceQuality "1"]
[WhiteTeam "Skara"]
[BlackTeam "Farsta"]
[WhiteTeamCountry "SWE"]
[BlackTeamCountry "SWE"]

1. e4 c5 2. Nf3 d6 3. Bc4 Nf6 4. d3 Nc6 5. c3 e6 6. Bb3 Be7 7. 0-0 d5 8. e5 Nd7 9. d4 b5 10. Be3 a5 11. dxc5 Nxc5 12. Bc2 b4 13. Re1 Rb8 14. Nd4 Bd7 15. Nxc6 Bxc6 16. Nd2 Qd7 17. Qg4 g6 18. Bg5 bxc3 19. bxc3 0-0 20. Nf3 Rb2 21. Qh4 Bxg5 22. Nxg5 f6 23. exf6 Rxc2 24. Rab1 Ne4 25. f7+ Rxf7 26. Nxf7 Qxf7 27. Qd8+ Kg7 28. f3 Nxc3 29. Rb8 Ne2+ 30. Kh1 d4 31. Rc8 Qxf3 32. Rc7+ Kh6 33. Qh4+ Qh5 34. Rxh7+ Kxh7 35. Qe7+ Kh6 36. Qf8+ Kg5 37. Qe7+ Kg4 38. Qxe6+ Qf5 39. h3+ Kg3 40. Qd6+ Nf4 0-1

[Event "SWE-chT 0203"]
[Site "Sweden"]
[Date "2002.10.13"]
[Round "3"]
[White "Hansen, Sune Berg"]
[Black "Degerman, Lars"]
[Result "0-1"]
[WhiteElo "2545"]
[BlackElo "2492"]
[PlyCount "102"]
[EventDate "2002.10.11"]
[EventType "team"]
[EventRounds "11"]
[EventCountry "SWE"]
[SourceTitle "EXT 2004"]
[Source "ChessBase"]
[SourceDate "2003.11.25"]
[SourceVersion "1"]
[SourceVersionDate "2003.11.25"]
[SourceQuality "1"]
[WhiteTeam "Lund"]
[BlackTeam "Farsta"]
[WhiteTeamCountry "SWE"]
[BlackTeamCountry "SWE"]

1. e4 e6 2. d4 d5 3. Nd2 dxe4 4. Nxe4 Nd7 5. Nf3 Ngf6 6. Nxf6+ Nxf6 7. c3 c5 8. Ne5 a6 9. Qa4+ Nd7 10. Bf4 cxd4 11. Qxd4 Bc5 12. Qe4 Nxe5 13. Qxe5 Qb6 14. 0-0-0 0-0 15. Bc4 Bxf2 16. Rhf1 Kh8 17. g4 f6 18. Qe4 e5 19. Bd3 Bf5 20. gxf5 exf4 21. Kc2 Be3 22. Bc4 Qc7 23. Be6 Rad8 24. Rxd8 Rxd8 25. Rd1 Rxd1 26. Kxd1 Qe7 27. Bd5 Qxe4 28. Bxe4 b6 29. Ke2 Kg8 30. Kd3 Kf7 31. Kc4 g5 32. h3 h5 33. Bf3 g4 34. hxg4 h4 35. Kd5 h3 36. c4 a5 37. a3 a4 38. Kc6 Kg7 39. Kb5 Kh6 40. Kxa4 Kg5 41. b4 Kh4 42. Kb5 Kg3 43. g5 Kxf3 44. g6 h2 45. g7 h1Q 46. g8Q Kf2 47. a4 Qa1 48. Qd5 f3 49. c5 bxc5 50. bxc5 Qb2+ 51. Kc6 Qc3 0-1

[Event "SWE-chT 0102"]
[Site "Sweden"]
[Date "2002.03.02"]
[Round "8"]
[White "Degerman, Lars"]
[Black "Nilsson, Mattias"]
[Result "1-0"]
[WhiteElo "2500"]
[BlackElo "2309"]
[PlyCount "55"]
[EventDate "2001.10.12"]
[EventType "team"]
[EventRounds "11"]
[EventCountry "SWE"]
[SourceTitle "EXT 2003"]
[Source "ChessBase"]
[SourceDate "2002.11.25"]
[SourceVersion "1"]
[SourceVersionDate "2002.11.25"]
[SourceQuality "1"]
[WhiteTeam "Farsta"]
[BlackTeam "Eskilstuna"]
[WhiteTeamCountry "SWE"]
[BlackTeamCountry "SWE"]

1. e4 c5 2. Nf3 d6 3. Bb5+ Bd7 4. Bxd7+ Nxd7 5. 0-0 Ngf6 6. Qe2 e6 7. c3 Be7 8. d4 0-0 9. e5 dxe5 10. dxe5 Nd5 11. c4 Nb4 12. Nc3 a6 13. Bf4 Qc7 14. Rad1 Rfd8 15. Qe4 Nf8 16. h4 Rxd1 17. Rxd1 Rd8 18. Rxd8 Bxd8 19. h5 h6 20. Qe3 Qd7 21. Ne4 b6 22. Bxh6 gxh6 23. Qxh6 f5 24. exf6 Bc7 25. g3 Nh7 26. Qg6+ Kf8 27. Nfg5 Nxg5 28. Nxg5 1-0

[Event "SWE-chT 0102"]
[Site "Sweden"]
[Date "2002.02.09"]
[Round "7"]
[White "Popov, Valerij"]
[Black "Degerman, Lars"]
[Result "1-0"]
[WhiteElo "2557"]
[BlackElo "2500"]
[PlyCount "69"]
[EventDate "2001.10.12"]
[EventType "team"]
[EventRounds "11"]
[EventCountry "SWE"]
[SourceTitle "EXT 2003"]
[Source "ChessBase"]
[SourceDate "2002.11.25"]
[SourceVersion "1"]
[SourceVersionDate "2002.11.25"]
[SourceQuality "1"]
[WhiteTeam "Sollentuna"]
[BlackTeam "Farsta"]
[WhiteTeamCountry "SWE"]
[BlackTeamCountry "SWE"]

1. c4 c5 2. Nf3 b6 3. Nc3 Bb7 4. d4 cxd4 5. Nxd4 Nf6 6. f3 e6 7. e4 Nc6 8. Be3 Bc5 9. Be2 0-0 10. Qd2 Qb8 11. 0-0-0 Nxd4 12. Bxd4 Rd8 13. Kb1 Bxd4 14. Qxd4 d5 15. cxd5 exd5 16. e5 Nd7 17. f4 Nc5 18. Bg4 Bc6 19. Rhe1 Ne6 20. Bxe6 fxe6 21. g4 Qb7 22. f5 Qf7 23. Rf1 Rac8 24. b3 Bd7 25. Kb2 exf5 26. Qxd5 Qxd5 27. Nxd5 Re8 28. Nxb6 axb6 29. Rxd7 Rxe5 30. Rxf5 Re2+ 31. Ka3 Rxh2 32. Rff7 g6 33. Kb4 Rh4 34. Kb5 Rb8 35. a4 1-0

[Event "SWE-chT 0102"]
[Site "Sweden"]
[Date "2001.11.10"]
[Round "4"]
[White "Akesson, Ralf"]
[Black "Degerman, Lars"]
[Result "1-0"]
[WhiteElo "2486"]
[BlackElo "2500"]
[PlyCount "39"]
[EventDate "2001.10.12"]
[EventType "team"]
[EventRounds "11"]
[EventCountry "SWE"]
[SourceTitle "EXT 2003"]
[Source "ChessBase"]
[SourceDate "2002.11.25"]
[SourceVersion "1"]
[SourceVersionDate "2002.11.25"]
[SourceQuality "1"]
[WhiteTeam "Sodra"]
[BlackTeam "Farsta"]
[WhiteTeamCountry "SWE"]
[BlackTeamCountry "SWE"]

1. Nf3 d5 2. d4 Nf6 3. c4 dxc4 4. e3 e6 5. Bxc4 c5 6. 0-0 a6 7. Bb3 cxd4 8. exd4 Nc6 9. Nc3 Be7 10. Re1 0-0 11. Bf4 Nb4 12. Rc1 b6 13. d5 Nbxd5 14. Nxd5 Nxd5 15. Bxd5 exd5 16. Bc7 Qd7 17. Ne5 Qb5 18. a4 Qxb2 19. Re2 Qa3 20. Re3 1-0

[Event "SWE-chT 0102"]
[Site "Sweden"]
[Date "2001.10.12"]
[Round "1"]
[White "Hector, Jonny"]
[Black "Degerman, Lars"]
[Result "1-0"]
[WhiteElo "2509"]
[BlackElo "2500"]
[PlyCount "75"]
[EventDate "2001.10.12"]
[EventType "team"]
[EventRounds "11"]
[EventCountry "SWE"]
[SourceTitle "EXT 2003"]
[Source "ChessBase"]
[SourceDate "2002.11.25"]
[SourceVersion "1"]
[SourceVersionDate "2002.11.25"]
[SourceQuality "1"]
[WhiteTeam "Limhamn"]
[BlackTeam "Farsta"]
[WhiteTeamCountry "SWE"]
[BlackTeamCountry "SWE"]

1. e4 c5 2. Nf3 Nc6 3. Nc3 d6 4. d4 cxd4 5. Nxd4 Nf6 6. f4 e5 7. Nf3 Be7 8. f5 g6 9. fxg6 hxg6 10. Bc4 Na5 11. Bb5+ Kf8 12. Rf1 a6 13. Bd3 Kg7 14. b3 b5 15. Bb2 Ng4 16. Nd5 Nxh2 17. Nxh2 Rxh2 18. Qf3 Be6 19. Nf4 Qd7 20. Nxe6+ Qxe6 21. a4 Bh4+ 22. Ke2 b4 23. Bc1 Rc8 24. Be3 Be7 25. Rh1 Rxh1 26. Rxh1 Nb7 27. Kd1 a5 28. Bc4 Rxc4 29. bxc4 Kg8 30. Qh3 Qxh3 31. Rxh3 f5 32. Bb6 Kf7 33. Rh8 Ke6 34. Rb8 Nc5 35. Bxc5 dxc5 36. Rb6+ Bd6 37. Ra6 fxe4 38. Ke2 1-0

[Event "Andorra op 19th"]
[Site "Andorra"]
[Date "2001.07.08"]
[Round "9"]
[White "Degerman, Lars"]
[Black "De la Riva Aguado, Jorge"]
[Result "1-0"]
[WhiteElo "2503"]
[BlackElo "2282"]
[PlyCount "69"]
[EventDate "2001.06.30"]
[EventType "swiss"]
[EventRounds "9"]
[EventCountry "AND"]
[SourceTitle "CBM 083 Extra"]
[Source "ChessBase"]
[SourceDate "2001.09.11"]
[SourceVersion "1"]
[SourceVersionDate "2001.09.11"]
[SourceQuality "1"]

1. Nf3 Nf6 2. c4 c5 3. Nc3 Nc6 4. g3 e5 5. Bg2 d6 6. d3 Be6 7. Bg5 Be7 8. Bxf6 Bxf6 9. Nd2 g6 10. Rb1 0-0 11. a3 a5 12. 0-0 Bg7 13. Nd5 Rb8 14. e3 Bf5 15. Ne4 Ne7 16. Nxe7+ Qxe7 17. Nc3 Qd7 18. b4 axb4 19. axb4 b6 20. Rb3 Rfc8 21. Qb1 Qd8 22. Bd5 h5 23. Rd1 h4 24. Rd2 h3 25. Ra2 Be6 26. Bxe6 fxe6 27. Qf1 Ra8 28. Qxh3 Qe7 29. Rxa8 Rxa8 30. bxc5 bxc5 31. Qg4 Kh7 32. Ne4 Bh6 33. Rb6 Rd8 34. h4 Kg7 35. h5 1-0

[Event "Andorra op 19th"]
[Site "Andorra"]
[Date "2001.07.05"]
[Round "6"]
[White "Degerman, Lars"]
[Black "Nordenbaek, Jan"]
[Result "1/2-1/2"]
[WhiteElo "2503"]
[BlackElo "2253"]
[PlyCount "61"]
[EventDate "2001.06.30"]
[EventType "swiss"]
[EventRounds "9"]
[EventCountry "AND"]
[SourceTitle "CBM 083 Extra"]
[Source "ChessBase"]
[SourceDate "2001.09.11"]
[SourceVersion "1"]
[SourceVersionDate "2001.09.11"]
[SourceQuality "1"]

1. d4 Nf6 2. Nf3 g6 3. c4 Bg7 4. Nc3 d6 5. e4 0-0 6. Be2 e5 7. 0-0 Nc6 8. d5 Ne7 9. Bg5 h6 10. Bxf6 Bxf6 11. b4 Bg4 12. Ne1 Bxe2 13. Qxe2 a5 14. Rb1 axb4 15. Rxb4 b6 16. Nd3 Bg7 17. a4 f5 18. f3 h5 19. Rbb1 Kh7 20. Kh1 Qd7 21. Ra1 fxe4 22. fxe4 Ng8 23. Rxf8 Rxf8 24. h3 Qe7 25. Nb5 Ra8 26. g3 Nh6 27. Kg2 Nf7 28. Ne1 Nd8 29. Nd3 Nf7 30. Ne1 Nd8 31. Nd3 1/2-1/2